پر یم چند کے ناولوں میں عورت کا اہم کردار / (Record no. 195882)

MARC details
000 -LEADER
fixed length control field 00699nam a22002057a 4500
005 - DATE AND TIME OF LATEST TRANSACTION
control field 20230622112232.0
010 ## - LCCN (DPL NO)
LC control number UR-11967 UR-12056
020 ## - INTERNATIONAL STANDARD BOOK NUMBER
International Standard Book Number 9788786346495
Terms of availability 200.00
035 ## - SYSTEM CONTROL NUMBER
System control number U-10522
035 ## - SYSTEM CONTROL NUMBER
System control number U-10611
037 ## - SOURCE OF ACQUISITION
Source of stock number/acquisition DBAD/PUB
082 ## - DEWEY DECIMAL CLASSIFICATION NUMBER
Classification number 305.4
100 ## - MAIN ENTRY--PERSONAL NAME
Personal name صا حب سنگھ
245 ## - TITLE STATEMENT
Title پر یم چند کے ناولوں میں عورت کا اہم کردار /
Statement of responsibility, etc صا حب سنگھ
246 ## - VARYING FORM OF TITLE
Title proper/short title Prem chand ke novelon mein aurat ka aham kirdar /
Remainder of title by Sahab Singh
260 ## - PUBLICATION, DISTRIBUTION, ETC. (IMPRINT)
Place of publication, distribution, etc Kolkata
Name of publisher, distributor, etc Azha Publications
Date of publication, distribution, etc 2016 ء
270 ## - ADDRESS
Address 170, Keshab Chandra Sen Street
City kolkata
Postal code 700009
300 ## - PHYSICAL DESCRIPTION
Extent 168 ص
Dimensions 22cm(Hb)
942 ## - ADDED ENTRY ELEMENTS (KOHA)
Source of classification or shelving scheme Dewey Decimal Classification
Item type Urdu Bks
Classification part 305.4
Call number suffix ص ا ح
Holdings
Withdrawn status Lost status Not for loan Collection code Home library Current library Date acquired Source of acquisition Cost, normal purchase price Full call number Barcode Copy number Cost, replacement price Koha item type
      Non-fiction Ashok Vihar Ashok Vihar 22/06/2023 DBAD/PUB 200.00 305.4 ص ا ح U-10611 1 200.00 Urdu Bks
      Non-fiction Shahdara Branch Shahdara Branch 08/05/2023 DBAD/PUB 200.00 305.4 ص ا ح U-10522 1 200.00 Urdu Bks

© Delhi Public Library
Hit Counter
free hit counter